000 00654nam a2200181 a 4500
001 000017833
005 20200929165240.0
008 100406s1980 dr c 000 0 spa d
040 _aDO-SdBNP
_bspa
_cBNPHU
082 _axxxx
_bA185j
100 1 _aAcosta Piña, Carlos Aníbal
_938735
245 1 0 _aJuan Alejandro Acosta :
_bprimer almirante dominicano 1813-1886 /
_cCarlos Aníbal Acosta Piña ; prólogo César de Windt Lanvandier.
260 _aSanto Domingo :
_bAlfa y Omega,
_c1980.
300 _a237 p. :
_bretrs. ;
_c21 cm.
504 _aIncluye bibliografías (p. 205-207)
700 1 _aWindt Lavandier, César de,
_epról.
_938736
049 _aBNPD
999 _c17357
_d17357